000 01534cam a2200373 a 4500
001 3574413
003 OSt
005 20260429170811.0
008 990107s1999 ctuab b 001 0 eng
010 _a 99011436
020 _a97803000778234
_qcloth : alk. paper
035 _a3574413
040 _aDLC
_cFoundation University
050 0 0 _aN 6490
_b.C65 1999
245 0 0 _aContemporary cultures of display /
_cedited by Emma Barker.
260 _aNew Haven :
_bYale University Press,
_c1999.
264 _41999
300 _a266 p. :
_bill. (some col.), map ;
_c27 cm.
_3books
_fbooks
336 _atext
_btxt
_2rdacontent
_3books
337 _aunmediated
_bn
_2rdamedia
_3books
338 _avolume
_bnc
_2rdacarrier
_3books
440 0 _aArt and its histories ;
_vbk. 6
_915732
504 _aIncludes bibliographical references and index.
650 0 _aArt, Modern
_y20th century
_xExhibitions.
_915733
650 0 _aArt
_xExhibition techniques.
_915734
650 0 _aArt museums
_xPublic relations.
_915735
700 1 _aBarker, Emma.
_915736
856 4 _3Table of Contents
_uhttp://lcweb.loc.gov/catdir/toc/99011436.html
906 _a7
_bcbc
_corignew
_d1
_eocip
_f19
_gy-gencatlg
942 _2lcc
_cBK
_hN 6490
_i.1999 C65
_k(DAFA-FA)
999 _c5826
_d5826